| 000 | 02206nam a2200337Ia 4500 | ||
|---|---|---|---|
| 001 | ebr10190742 | ||
| 003 | CaPaEBR | ||
| 006 | m u | ||
| 007 | cr cn||||||||| | ||
| 008 | 000225s2000 ctu sb 001 0 eng d | ||
| 010 | _z 00026933 | ||
| 020 | _z9780300137880 | ||
| 020 | _z0300082266 (alk. paper) : | ||
| 020 | _z0300093217 | ||
| 040 |
_aCaPaEBR _cCaPaEBR |
||
| 035 | _a(OCoLC)263352035 | ||
| 050 | 1 | 4 |
_aJV7048 _b.F65 2000eb |
| 082 | 0 | 4 |
_a974.7/1/008691 _221 |
| 100 | 1 |
_aFoner, Nancy, _d1945- |
|
| 245 | 1 | 0 |
_aFrom Ellis Island to JFK _h[electronic resource] : _bNew York's two great waves of immigration / _cNancy Foner. |
| 260 |
_aNew Haven : _bYale University Press ; _aNew York : _bRussell Sage Foundation, _cc2000. |
||
| 300 | _ax, 334 p. | ||
| 504 | _aIncludes bibliographical references (p. 289-322) and index. | ||
| 520 | 1 | _a"In the history of New York City, few events loom larger than the wave of immigration at the turn of the twentieth century. Today a similar influx is once again transforming the city. More than one in three New Yorkers are now immigrants. From Ellis Island to JFK is the first in-depth study that compares these two huge social changes." "Nancy Foner offers a critical reassessment of the myths that have grown up around the earlier Jewish and Italian immigration - myths that deeply color how today's Asian, Latin American, and Caribbean arrivals are seen. Issue by issue, she reveals the often surprising realities of both immigrations." "Drawing on a wealth of historical and contemporary research, Foner, in a lively and entertaining style, opens a new chapter in the study of immigration - and in the story of the nation's gateway city." | |
| 533 |
_aElectronic reproduction. _bPalo Alto, Calif. : _cebrary, _d2008. _nAvailable via World Wide Web. _nAccess may be limited to ebrary affiliated libraries. |
||
| 650 | 0 |
_aImmigrants _zNew York (State) _zNew York _xHistory. |
|
| 651 | 0 |
_aNew York (N.Y.) _xEmigration and immigration _xHistory. |
|
| 655 | 7 |
_aElectronic books. _2local |
|
| 710 | 2 | _aebrary, Inc. | |
| 856 | 4 | 0 |
_uhttp://site.ebrary.com/lib/rucke/Doc?id=10190742 _zAn electronic book accessible through the World Wide Web; click to view |
| 999 |
_c147701 _d147701 |
||